| 000 | 00672pam a2200229 a 4500 | ||
|---|---|---|---|
| 001 | 1828536 | ||
| 005 | 20180104081604.0 | ||
| 008 | 810504s1981 nyu b 001 0 eng | ||
| 010 | _a 80070599 | ||
| 020 | _a0123796601 | ||
| 040 |
_aDLC _cDLC _dDLC |
||
| 041 | _aeng | ||
| 043 | _an-us--- | ||
| 080 | _a362.550973 BRU | ||
| 082 | 0 | 0 |
_a362.550973 BRU _219 |
| 100 | 1 | _a19 | |
| 101 | _aPOL | ||
| 245 | 1 | 4 |
_aThe political economy of organizational change : _cBruce Jacobs. |
| 504 | _aIncludes bibliographical references and index. | ||
| 906 |
_a7 _bcbc _corignew _d1 _eopcn _f19 _gy-gencatlg |
||
| 942 |
_2ddc _cBK |
||
| 999 |
_c39748 _d39748 |
||